00824nam a2200205 a 4500003000200000005001700002008004100019050002800060100001700088245007000105260009300175300004800268504004100316650003800357650002800395650003700423942001400460999001700474952012700491020250301112859.0100902s19uu xx 00 eng d aPGS TP 331b.C545 2010  aChoi, Damin. aThe efficiency of the use of banana leaf briquette /cDamin Choi. aLas Piñas City, Philippines : bSouthville International School and Colleges, c2010. a18 pages :bcolored illustrations ;c28 cm. aIncludes bibliographical references. aAlternative fuelsvBanana leaves. aBriquettesvEfficiency. aBiomass energyvFuel efficiency. 2lcccPASS c98333d98333 00102lcc40aLUXbLUXcPASSd2010-09-02eDONATIONl0oPGS TP 331 .C545 2010pP2432r2017-08-25 00:00:00w2014-04-08yPASS